The Boys - Qui a tué qui ? - Statistiques

Statistiques générales
  • Ce quiz a été pris 61 fois
  • Le résultat moyen est 17 sur 56
Statistiques - réponses
Par images Hint Réponse % Correct
Robin Désintégrée par A-Train
78%
Becca Butcher Ryan Butcher
76%
Comptesse Rouge Incinérée par le Petit Soldat
70%
Passager du vol 37 Tué dans le crash d'avion
70%
Translucide Explosion interne par Hughie Campbell
65%
Popclaw Overdose d'héroïne par A-Train
65%
Madelyn Stillwell Tête brûlée par la vision du Protecteur
65%
Gunpowder Décapité par Billy Butcher
59%
Chelsea Forcée de se suicider par le Protecteur
56%
Mesmer Battu à mort par Billy Butcher
54%
Multimorphe Nuque brisée par le Protecteur
54%
Supersonic Battu à mort par le Protecteur
52%
Todd Crâne fracturé par Black Noir
48%
La Torche Immolé par son propre feu
46%
Stormfront Suicide
44%
Kenji Miyashiro Nuque brisée par Stormfront
43%
Lenny Butcher Suicide
41%
Colby Cancer
39%
Jumeaux TNT Incinérés par le Petit Soldat
39%
Naqib Décapité par Black Noir
37%
Maya Lopez Portée disparue / Tué dans le crash d'avion
37%
Susan Raynor Tête explosée par Victoria Neuman
37%
Mentaldroïde Battu à mort par le Petit Soldat
35%
Sam Butcher Cancer
35%
Jonah Vogelbaum Tête explosée par Victoria Neuman
35%
Luke Riordan Suicide
30%
Edison Cardosa Tête explosée par Victoria Neuman
30%
Greg Crâne fracturé par The Deep
26%
Termite Écrasé par le Protecteur
26%
Jackie Moreau Égorgée par Marie Moreau
26%
Onde de Choc Tête explosée par Victoria Neuman
26%
Malcolm Moreau Tué par Marie Moreau
24%
Chloé Vought Vieillesse
22%
Richard Brinkerhoff Carbonisé par Luke Riordan
20%
Andy Virus anti-super
20%
Matthew Richardson Tête explosée par Victoria Neuman
19%
Lamar Bishop Noyé par The Deep sur ordre du Protecteur
17%
Peter Explosé en deux par Termite
15%
Jay Overdose
15%
Dennis Tué par Stella
15%
Myron Battu à mort par Liberté (Stormfront)
13%
Dirk Crâne fracturé par Black Noir
13%
Betsy Virus anti-super
13%
Yevgenny Poignardé à mort par Kimiko Miyashiro
11%
Roland Keating Décapité par la vision du Protecteur
9%
Tony Explosé par Victoria Neuman
9%
Tim Brûlé vif par la Torche
7%
Deanna Tête explosée par Victoria Neuman
7%
Lisa Concilia Tête explosée par Victoria Neuman
7%
Dusty Tué par Luke Riordan dans l'illusion de Cate Dunlap
6%
Moe Égorgé par Kimiko Miyashiro
4%
Jeff des médias sociaux Tête explosée par Cate Dunlap
4%
Swatto Tir de roquette lors de l'Opération Charly
4%
Claudio Tué par balles pour l'Opération Charly
2%
Kuldeep Singh Balle dans la tête par Tommy Peterson
0%
Renata Ibarra Visage fondu par un cobaye de la Forêt
0%
Aucun quiz correspondant
Distribution des résultats
% des personnes avec chaque résultat
Percentile par nombre de réponses
Votre historique - résultats
Vous n’avez pas pris ce quiz